Nonequilibrium theory and extremum principles : Advances in thermodynamics vol.3 (Record no. 64735)

000 -LEADER
fixed length control field 01095pam a2200301 a 4500
001 - CONTROL NUMBER
control field 4833360
003 - CONTROL NUMBER IDENTIFIER
control field NUST - PNEC
005 - DATE AND TIME OF LATEST TRANSACTION
control field 20170116180854.0
008 - FIXED-LENGTH DATA ELEMENTS--GENERAL INFORMATION
fixed length control field 900727s1990 nyua b 001 0 eng
010 ## - LIBRARY OF CONGRESS CONTROL NUMBER
LC control number 90011212
020 ## - INTERNATIONAL STANDARD BOOK NUMBER
International Standard Book Number 0844816671
040 ## - CATALOGING SOURCE
Original cataloging agency DLC
Transcribing agency DLC
Modifying agency DLC
050 00 - LIBRARY OF CONGRESS CALL NUMBER
Classification number QC318.I7
Item number N66 1990
082 00 - DEWEY DECIMAL CLASSIFICATION NUMBER
Classification number 536.7 SIE
100 ## - MAIN ENTRY--PERSONAL NAME
9 (RLIN) 5884
Personal name Sieniutyez, Stainslaw
245 00 - TITLE STATEMENT
Title Nonequilibrium theory and extremum principles : Advances in thermodynamics vol.3
Statement of responsibility, etc. edited by Stanislaw Sieniutycz and Peter Salamon.
260 ## - PUBLICATION, DISTRIBUTION, ETC.
Place of publication, distribution, etc. New York :
Name of publisher, distributor, etc. Taylor & Francis,
Date of publication, distribution, etc. 1990.
300 ## - PHYSICAL DESCRIPTION
Extent ix, 547 p. :
Other physical details ill. ;
Dimensions 26 cm.
440 #0 - SERIES STATEMENT/ADDED ENTRY--TITLE
Title Advances in thermodynamics ;
Volume/sequential designation v. 3
504 ## - BIBLIOGRAPHY, ETC. NOTE
Bibliography, etc. note Includes bibliographical references and index.
650 #0 - SUBJECT ADDED ENTRY--TOPICAL TERM
Topical term or geographic name entry element Nonequilibrium thermodynamics.
General subdivision ME
700 1# - ADDED ENTRY--PERSONAL NAME
Personal name Sieniutycz, Stanislaw.
700 1# - ADDED ENTRY--PERSONAL NAME
Personal name Salamon, Peter,
Dates associated with a name 1950-
856 42 - ELECTRONIC LOCATION AND ACCESS
Materials specified Publisher description
Uniform Resource Identifier <a href="http://www.loc.gov/catdir/enhancements/fy0916/90011212-d.html">http://www.loc.gov/catdir/enhancements/fy0916/90011212-d.html</a>
906 ## - LOCAL DATA ELEMENT F, LDF (RLIN)
a 7
b cbc
c orignew
d 1
e ocip
f 19
g y-gencatlg
942 ## - ADDED ENTRY ELEMENTS (KOHA)
Source of classification or shelving scheme
Koha item type Book
Holdings
Withdrawn status Lost status Source of classification or shelving scheme Damaged status Not for loan Permanent Location Current Location Shelving location Date acquired Total Checkouts Full call number Barcode Date last seen Price effective from Koha item type
          Pakistan Navy Engineering College (PNEC) Pakistan Navy Engineering College (PNEC)       536.7 SIE PNECLIB-027067 08/27/2015   Book
© 2023 Central Library, National University of Sciences and Technology. All Rights Reserved.